Szczegóły MARC21

Oblicza kultury : wstęp do antropologii międzykulturowej komunikacji /

005 -DATA I CZAS OSTATNIEJ MODYFIKACJI [,]
    • @
    • pole kontrolne
    • 20070315155141.9
020 -Międzynarod. znormalizowany nr książki - ISBN [ , ]
    • a
    • Numer ISBN
    • 8323311463 Find
040 -Instytucja sporządzająca opis [ , ]
    • a
    • Instytucja, która sporządziła opis (NP)
    • SZCZ U
    • c
    • Instytucja, która sporządziła rekord (NP)
    • SZCZ U
041 -Język dokumentu [0, ]
    • a
    • Język tekstu (P)
    • polski
    • h
    • Język tekstu oryginalnego i/lub pośredniego (P)
    • polski
942 -Rodzaj dokumentu [ , ]
    • c
    • Rodzaj dokumentu
    • Książka
100 -Hasło główne - nazwa osobowa [ , ]
    • a
    • Nazwa osobowa (NP)
    • OLSZEWSKA-DYONIZIAK BARBARA
245 -Strefa tytułu i oznaczenia odpowiedzialności [1, ]
    • a
    • Tytuł
    • Oblicza kultury : Find
    • b
    • Ciąg dalszy tytułu (NP)
    • wstęp do antropologii międzykulturowej komunikacji / Find
260 -Strefa adresu wydawniczego [ , ]
    • a
    • Miejsce wydania (P)
    • Kraków :
    • b
    • Nazwa wydawcy (P)
    • Wydaw.Uniw.Jagiellońskiego,
    • c
    • Data wydania (P)
    • 1998.
300 -Strefa opisu fizycznego [ , ]
    • a
    • Określenie formy książki i/lub objętość (NP)
    • 191 s. :
    • c
    • Format (NP)
    • 24 cm.
490 -Strefa serii i książki wielotomowej - forma nie do wyszukiwania [0, ]
    • a
    • Tytuł (P)
    • (Varia / Uniwersytet Jagielloński ; Find
    • v
    • Numeracja (P)
    • 391)
500 -Uwaga ogólna [ , ]
    • a
    • Uwaga ogólna (NP)
    • Bibliogr. Err. Ind. Summ
080 -Uniwersalna Klasyfikacja Dziesiętna [ , ]
    • a
    • Symbol klasyfikacji
    • 316.74(075.8)
080 -Uniwersalna Klasyfikacja Dziesiętna [ , ]
    • a
    • Symbol klasyfikacji
    • :316.77(075.8)
980 -Symbol UKD [ , ]
    • a
    • UKD
    • 316.74:316.77](075.8)
920 -ISBN [ , ]
    • a
    • ISBN
    • 83-233-1146-3 Find
Numer inwentarzowy Lokalizacja Status udost. Data inwentaryzacji
Pd.13182BG12000-05-23
F.29768BNS12000-05-23